[Event "WCO 2016"]
[Site "?"]
[Date "2016.09.13"]
[Round "11"]
[Board "2"]
[WhiteID "12400980"]
[White "Nguyen Thu Giang"]
[BlackID "2137984"]
[Black "Hoshino Karen"]
[Result "0-1"]
[BlackElo "1802"]
[WhiteElo "2119"]
[LiveChessVersion "1.4.8"]

1. e4 {[%clk 1:30:47]} c5 {[%clk 1:30:55]} 2. Nf3 {[%clk 1:31:13]} d6
{[%clk 1:31:20]} 3. Bb5+ {[%clk 1:31:37]} Nd7 {[%clk 1:31:43]} 4. O-O
{[%clk 1:31:59]} a6 {[%clk 1:32:03]} 5. Bxd7+ {[%clk 1:32:22]} Bxd7
{[%clk 1:32:26]} 6. d4 {[%clk 1:32:47]} cxd4 {[%clk 1:29:32]} 7. Qxd4
{[%clk 1:33:11]} Nf6 {[%clk 1:27:32]} 8. c4 {[%clk 1:25:18]} e5 {[%clk 1:26:09]}
9. Qd3 {[%clk 1:25:38]} Qc7 {[%clk 1:24:37]} 10. Nc3 {[%clk 1:17:50]} Rc8
{[%clk 1:20:14]} 11. Nd2 {[%clk 1:11:29]} Be7 {[%clk 1:12:30]} 12. a4
{[%clk 1:07:41]} O-O {[%clk 1:10:10]} 13. a5 {[%clk 1:03:40]} Be6
{[%clk 1:06:04]} 14. b3 {[%clk 1:01:02]} Rfe8 {[%clk 0:54:59]} 15. Bb2
{[%clk 0:59:45]} Bf8 {[%clk 0:53:41]} 16. Kh1 {[%clk 0:58:11]} Nd7
{[%clk 0:51:08]} 17. g3 {[%clk 0:53:02]} Nc5 {[%clk 0:48:29]} 18. Qe3
{[%clk 0:49:21]} Qd8 {[%clk 0:44:19]} 19. b4 {[%clk 0:36:32]} Nd7
{[%clk 0:43:52]} 20. Nd5 {[%clk 0:33:44]} h5 {[%clk 0:36:11]} 21. f4
{[%clk 0:28:42]} Bxd5 {[%clk 0:31:38]} 22. cxd5 {[%clk 0:27:44]} Qe7
{[%clk 0:28:35]} 23. Qd3 {[%clk 0:25:15]} h4 {[%clk 0:26:49]} 24. f5
{[%clk 0:19:35]} Rc7 {[%clk 0:24:35]} 25. Rac1 {[%clk 0:18:37]} Rec8
{[%clk 0:24:08]} 26. Kg2 {[%clk 0:17:51]} Qf6 {[%clk 0:22:24]} 27. Nf3
{[%clk 0:17:01]} h3+ {[%clk 0:21:44]} 28. Kf2 {[%clk 0:17:10]} Qh6
{[%clk 0:21:06]} 29. Qe3 {[%clk 0:13:28]} Rc2+ {[%clk 0:18:43]} 30. Nd2
{[%clk 0:12:17]} Rxd2+ {[%clk 0:18:19]} 31. Kf3 {[%clk 0:12:41]} Qxe3+
{[%clk 0:17:43]} 32. Kxe3 {[%clk 0:13:06]} Rxc1 {[%clk 0:17:31]} 33. Bxc1
{[%clk 0:13:29]} Rxh2 {[%clk 0:16:24]} 34. Bd2 {[%clk 0:12:52]} Nf6
{[%clk 0:16:07]} 35. b5 {[%clk 0:12:17]} Ng4+ {[%clk 0:13:12]} 36. Kd3
{[%clk 0:12:33]} Rg2 {[%clk 0:12:51]} 37. Be1 {[%clk 0:10:56]} h2
{[%clk 0:12:42]} 0-1

[Event "WCO 2016"]
[Site "?"]
[Date "2016.09.13"]
[Round "11"]
[Board "3"]
[WhiteID "7001800"]
[White "Sakai Azumi"]
[BlackID "3200795"]
[Black "Guo Emma"]
[Result "0-1"]
[BlackElo "2035"]
[WhiteElo "1703"]
[LiveChessVersion "1.4.8"]

1. d4 {[%clk 1:30:57]} Nf6 {[%clk 1:30:54]} 2. c4 {[%clk 1:31:23]} c5
{[%clk 1:31:19]} 3. d5 {[%clk 1:31:47]} b5 {[%clk 1:31:44]} 4. cxb5
{[%clk 1:32:10]} a6 {[%clk 1:32:08]} 5. bxa6 {[%clk 1:32:30]} g6 {[%clk 1:32:31]}
6. Nc3 {[%clk 1:32:42]} Bg7 {[%clk 1:32:54]} 7. e4 {[%clk 1:31:24]} O-O
{[%clk 1:33:09]} 8. Nf3 {[%clk 1:30:40]} Qa5 {[%clk 1:33:25]} 9. Bd2
{[%clk 1:29:53]} Bxa6 {[%clk 1:33:15]} 10. Be2 {[%clk 1:26:19]} d6
{[%clk 1:28:45]} 11. O-O {[%clk 1:26:11]} Nbd7 {[%clk 1:28:05]} 12. Qc2
{[%clk 1:20:57]} Rfb8 {[%clk 1:24:47]} 13. Nb5 {[%clk 1:19:57]} Qb6
{[%clk 1:19:09]} 14. a4 {[%clk 1:18:47]} Ne8 {[%clk 1:16:16]} 15. Bc3
{[%clk 1:12:19]} Nc7 {[%clk 1:14:49]} 16. Nxc7 {[%clk 1:10:59]} Qxc7
{[%clk 1:14:53]} 17. Bxg7 {[%clk 1:05:22]} Kxg7 {[%clk 1:14:49]} 18. Bxa6
{[%clk 1:02:49]} Rxa6 {[%clk 1:15:13]} 19. Qc3+ {[%clk 1:02:36]} Kg8
{[%clk 1:14:59]} 20. Nd2 {[%clk 1:01:20]} Rab6 {[%clk 1:03:02]} 21. Rfb1
{[%clk 0:53:03]} Qb7 {[%clk 1:00:24]} 22. Nc4 {[%clk 0:46:09]} Rb3
{[%clk 0:47:46]} 23. Qc2 {[%clk 0:36:35]} Qa6 {[%clk 0:44:24]} 24. Ra3
{[%clk 0:35:20]} R3b4 {[%clk 0:40:44]} 25. Nd2 {[%clk 0:30:59]} Ne5
{[%clk 0:26:20]} 26. b3 {[%clk 0:20:55]} c4 {[%clk 0:18:17]} 27. Raa1
{[%clk 0:15:10]} cxb3 {[%clk 0:08:40]} 28. Rxb3 {[%clk 0:12:35]} Rxb3
{[%clk 0:06:28]} 29. Nxb3 {[%clk 0:12:31]} Rc8 {[%clk 0:06:52]} 30. Qd1
{[%clk 0:11:27]} Rc4 {[%clk 0:05:34]} 31. Nd4 {[%clk 0:10:19]} Qb6
{[%clk 0:04:26]} 32. Nb5 {[%clk 0:06:19]} Rxe4 {[%clk 0:03:50]} 33. Rb1
{[%clk 0:06:05]} Ng4 {[%clk 0:02:19]} 34. Qc2 {[%clk 0:05:24]} Rf4
{[%clk 0:01:59]} 35. Rf1 {[%clk 0:04:17]} h5 {[%clk 0:01:45]} 36. g3
{[%clk 0:03:22]} Rf5 {[%clk 0:01:36]} 37. h3 {[%clk 0:02:58]} Nf6
{[%clk 0:01:16]} 38. Qc8+ {[%clk 0:00:48]} Kg7 {[%clk 0:01:09]} 39. Nc3
{[%clk 0:00:38]} Nxd5 {[%clk 0:00:46]} 40. Nxd5 {[%clk 0:30:55]} Rxd5
{[%clk 0:31:02]} 41. Qc3+ {[%clk 0:30:03]} Kh7 {[%clk 0:24:55]} 42. Ra1
{[%clk 0:29:07]} Rf5 {[%clk 0:21:43]} 43. Ra2 {[%clk 0:29:04]} Qb1+
{[%clk 0:21:47]} 44. Kg2 {[%clk 0:25:53]} Qxa2 {[%clk 0:22:07]} 45. Qe3
{[%clk 0:24:51]} Qxa4 {[%clk 0:20:44]} 46. Qxe7 {[%clk 0:23:50]} Qa8+
{[%clk 0:21:04]} 47. Kg1 {[%clk 0:23:31]} Qf3 {[%clk 0:21:22]} 48. Qe1
{[%clk 0:23:21]} Rd5 {[%clk 0:21:40]} 0-1

[Event "WCO 2016"]
[Site "?"]
[Date "2016.09.13"]
[Round "11"]
[Board "4"]
[WhiteID "3205517"]
[White "Jule Alexandra"]
[BlackID "7002181"]
[Black "Fukuya Natsumi"]
[Result "1-0"]
[BlackElo "1636"]
[WhiteElo "2000"]
[LiveChessVersion "1.4.8"]

1. e4 {[%clk 1:30:57]} e5 {[%clk 1:30:55]} 2. Nf3 {[%clk 1:31:23]} Nc6
{[%clk 1:31:19]} 3. Bb5 {[%clk 1:31:49]} a6 {[%clk 1:31:42]} 4. Ba4
{[%clk 1:32:14]} Nf6 {[%clk 1:32:04]} 5. O-O {[%clk 1:32:39]} Be7
{[%clk 1:32:27]} 6. Bxc6 {[%clk 1:32:56]} dxc6 {[%clk 1:26:59]} 7. d3
{[%clk 1:33:19]} Qd6 {[%clk 1:19:37]} 8. Nbd2 {[%clk 1:33:00]} b5
{[%clk 1:17:11]} 9. b3 {[%clk 1:32:28]} O-O {[%clk 1:16:20]} 10. a4
{[%clk 1:28:13]} Be6 {[%clk 1:09:40]} 11. d4 {[%clk 1:17:30]} Nd7
{[%clk 1:03:07]} 12. Bb2 {[%clk 1:16:36]} exd4 {[%clk 0:59:11]} 13. Bxd4
{[%clk 1:16:02]} Qf4 {[%clk 0:48:52]} 14. Be3 {[%clk 1:10:09]} Qg4
{[%clk 0:45:14]} 15. Nd4 {[%clk 1:06:38]} Qg6 {[%clk 0:39:36]} 16. f4
{[%clk 0:56:02]} Bh3 {[%clk 0:25:21]} 17. Qf3 {[%clk 0:53:31]} Bg4
{[%clk 0:24:05]} 18. Qf2 {[%clk 0:48:37]} c5 {[%clk 0:16:02]} 19. N4f3
{[%clk 0:47:20]} Bxf3 {[%clk 0:14:55]} 20. Qxf3 {[%clk 0:47:42]} Qc6
{[%clk 0:11:37]} 21. e5 {[%clk 0:30:52]} Qxf3 {[%clk 0:10:10]} 22. Rxf3
{[%clk 0:31:11]} Rfd8 {[%clk 0:06:42]} 23. Ne4 {[%clk 0:30:00]} c4
{[%clk 0:02:20]} 24. bxc4 {[%clk 0:22:51]} bxa4 {[%clk 0:02:45]} 25. c5
{[%clk 0:21:20]} a3 {[%clk 0:01:10]} 26. g4 {[%clk 0:15:04]} Rdb8
{[%clk 0:01:11]} 27. Rxa3 {[%clk 0:11:04]} Nxc5 {[%clk 0:01:01]} 28. Bxc5
{[%clk 0:10:49]} Bxc5+ {[%clk 0:01:05]} 29. Nxc5 {[%clk 0:11:17]} Rb6
{[%clk 0:00:40]} 30. Ra5 {[%clk 0:08:35]} 1-0

[Event "WCO 2016"]
[Site "?"]
[Date "2016.09.13"]
[Round "11"]
[Board "5"]
[WhiteID "14700182"]
[White "Antonova Nadezhda"]
[BlackID "2503999"]
[Black "Mirza Diana"]
[Result "1-0"]
[BlackElo "1948"]
[WhiteElo "2015"]
[LiveChessVersion "1.4.8"]

1. Nf3 {[%clk 1:30:50]} c5 {[%clk 1:30:54]} 2. e3 {[%clk 1:30:40]} Nc6
{[%clk 1:29:44]} 3. d4 {[%clk 1:30:34]} cxd4 {[%clk 1:29:25]} 4. exd4
{[%clk 1:30:53]} d5 {[%clk 1:27:10]} 5. Bd3 {[%clk 1:29:41]} Bg4 {[%clk 1:24:47]}
6. c3 {[%clk 1:29:49]} e6 {[%clk 1:24:09]} 7. O-O {[%clk 1:29:56]} Bd6
{[%clk 1:24:18]} 8. Re1 {[%clk 1:25:13]} Nge7 {[%clk 1:22:54]} 9. Nbd2
{[%clk 1:24:08]} Qc7 {[%clk 1:21:30]} 10. Nf1 {[%clk 1:22:24]} Rc8
{[%clk 1:12:04]} 11. Ng3 {[%clk 1:18:03]} h5 {[%clk 0:56:43]} 12. Qd2
{[%clk 0:56:24]} Bxf3 {[%clk 0:52:43]} 13. gxf3 {[%clk 0:56:51]} h4
{[%clk 0:51:16]} 14. Nf1 {[%clk 0:57:11]} Kd7 {[%clk 0:46:51]} 15. Kh1
{[%clk 0:54:04]} Rcg8 {[%clk 0:44:54]} 16. f4 {[%clk 0:49:50]} g6
{[%clk 0:37:29]} 17. Qe3 {[%clk 0:42:04]} Nf5 {[%clk 0:31:15]} 18. Qf3
{[%clk 0:42:06]} h3 {[%clk 0:30:30]} 19. Ne3 {[%clk 0:24:14]} Rh4
{[%clk 0:25:57]} 20. Ng4 {[%clk 0:23:41]} Kc8 {[%clk 0:26:02]} 21. Bd2
{[%clk 0:19:33]} Kb8 {[%clk 0:23:37]} 22. Ne5 {[%clk 0:16:02]} Nxe5
{[%clk 0:18:17]} 23. fxe5 {[%clk 0:12:42]} Be7 {[%clk 0:18:28]} 24. Rg1
{[%clk 0:12:55]} Rgh8 {[%clk 0:17:17]} 25. a4 {[%clk 0:11:55]} R4h5
{[%clk 0:15:45]} 26. b4 {[%clk 0:11:09]} Bf8 {[%clk 0:14:11]} 27. Rgb1
{[%clk 0:09:01]} Bh6 {[%clk 0:13:55]} 28. Be1 {[%clk 0:08:08]} Nh4
{[%clk 0:11:44]} 29. Qe2 {[%clk 0:06:29]} Ng2 {[%clk 0:11:59]} 30. b5
{[%clk 0:04:19]} Nxe1 {[%clk 0:09:25]} 31. Qxe1 {[%clk 0:04:36]} Qe7
{[%clk 0:09:45]} 32. Qe2 {[%clk 0:01:19]} Bf4 {[%clk 0:09:12]} 33. a5
{[%clk 0:01:06]} Rg5 {[%clk 0:09:11]} 34. Qf3 {[%clk 0:01:05]} Rh4
{[%clk 0:08:34]} 35. Bf1 {[%clk 0:00:34]} Rgh5 {[%clk 0:05:40]} 36. a6
{[%clk 0:00:56]} b6 {[%clk 0:05:57]} 37. c4 {[%clk 0:01:14]} Qd7 {[%clk 0:04:37]}
38. c5 {[%clk 0:01:00]} Bd2 {[%clk 0:02:24]} 39. cxb6 {[%clk 0:01:02]} axb6
{[%clk 0:02:53]} 40. Qd3 {[%clk 0:30:36]} Bf4 {[%clk 0:31:58]} 41. a7+
{[%clk 0:28:53]} Ka8 {[%clk 0:32:16]} 42. Qc3 {[%clk 0:20:53]} Bg5
{[%clk 0:29:13]} 43. Qc6+ {[%clk 0:17:58]} Qxc6 {[%clk 0:29:32]} 44. bxc6
{[%clk 0:18:26]} Bd8 {[%clk 0:29:44]} 45. c7 {[%clk 0:18:36]} Bxc7
{[%clk 0:29:05]} 46. Bb5 {[%clk 0:19:02]} 1-0

[Event "WCO 2016"]
[Site "?"]
[Date "2016.09.13"]
[Round "11"]
[Board "6"]
[WhiteID "2508214"]
[White "O`Gorman Alice"]
[BlackID "14700395"]
[Black "Nasriddinzoda Marvorii"]
[Result "0-1"]
[BlackElo "2073"]
[WhiteElo "1781"]
[LiveChessVersion "1.4.8"]

1. e4 {[%clk 1:30:59]} d6 {[%clk 1:30:49]} 2. d4 {[%clk 1:31:23]} Nf6
{[%clk 1:31:04]} 3. Nc3 {[%clk 1:31:46]} e5 {[%clk 1:30:50]} 4. dxe5
{[%clk 1:32:10]} dxe5 {[%clk 1:31:17]} 5. Qxd8+ {[%clk 1:32:29]} Kxd8
{[%clk 1:31:41]} 6. Nf3 {[%clk 1:32:41]} Bd6 {[%clk 1:30:02]} 7. Bg5
{[%clk 1:31:45]} c6 {[%clk 1:26:10]} 8. O-O-O {[%clk 1:30:44]} Ke7
{[%clk 1:25:38]} 9. Bc4 {[%clk 1:29:46]} Bc7 {[%clk 1:24:41]} 10. Rd2
{[%clk 1:26:27]} Be6 {[%clk 1:14:26]} 11. Bxe6 {[%clk 1:25:22]} Kxe6
{[%clk 1:14:43]} 12. Rhd1 {[%clk 1:23:32]} Nbd7 {[%clk 1:09:02]} 13. Bxf6
{[%clk 1:18:19]} Nxf6 {[%clk 1:07:21]} 14. h3 {[%clk 1:15:55]} b5
{[%clk 1:02:16]} 15. Re2 {[%clk 1:09:48]} Rhd8 {[%clk 1:01:53]} 16. g4
{[%clk 1:02:56]} h6 {[%clk 1:01:00]} 17. Nd2 {[%clk 1:01:18]} a5 {[%clk 0:57:27]}
18. a4 {[%clk 0:56:00]} b4 {[%clk 0:50:47]} 19. Ncb1 {[%clk 0:55:33]} Nd7
{[%clk 0:46:27]} 20. Nb3 {[%clk 0:50:39]} Bd6 {[%clk 0:38:23]} 21. Red2
{[%clk 0:46:11]} Be7 {[%clk 0:38:43]} 22. Rd3 {[%clk 0:46:08]} Bg5+
{[%clk 0:34:29]} 23. N1d2 {[%clk 0:46:10]} Nb6 {[%clk 0:27:10]} 24. Rxd8
{[%clk 0:44:13]} Rxd8 {[%clk 0:23:15]} 25. Nxa5 {[%clk 0:39:50]} Ra8
{[%clk 0:23:33]} 26. Nab3 {[%clk 0:37:43]} Nxa4 {[%clk 0:23:34]} 27. Kb1
{[%clk 0:36:17]} Rd8 {[%clk 0:23:51]} 28. Ka1 {[%clk 0:29:38]} c5
{[%clk 0:22:40]} 29. c4 {[%clk 0:28:02]} bxc3 {[%clk 0:23:00]} 30. bxc3
{[%clk 0:28:17]} c4 {[%clk 0:22:31]} 31. h4 {[%clk 0:24:51]} Bf4 {[%clk 0:22:42]}
32. Rb1 {[%clk 0:23:47]} cxb3 {[%clk 0:22:48]} 33. Nxb3 {[%clk 0:24:05]} Ra8
{[%clk 0:22:14]} 34. Re1 {[%clk 0:24:09]} Nc5+ {[%clk 0:22:30]} 35. Kb2
{[%clk 0:24:12]} Rb8 {[%clk 0:22:54]} 0-1

[Event "WCO 2016"]
[Site "?"]
[Date "2016.09.13"]
[Round "11"]
[Board "7"]
[WhiteID "14700204"]
[White "Hotami Mutriba"]
[BlackID "2501775"]
[Black "Menon Jayadev Poornima"]
[Result "0-1"]
[BlackElo "1837"]
[WhiteElo "1735"]
[LiveChessVersion "1.4.8"]

1. e4 {[%clk 1:30:55]} e6 {[%clk 1:30:54]} 2. Qe2 {[%clk 1:30:37]} Nc6
{[%clk 1:21:45]} 3. c3 {[%clk 1:30:17]} d5 {[%clk 1:19:34]} 4. d4
{[%clk 1:29:59]} dxe4 {[%clk 1:18:29]} 5. Qxe4 {[%clk 1:30:12]} Nf6
{[%clk 1:18:37]} 6. Qe2 {[%clk 1:28:14]} Be7 {[%clk 1:09:18]} 7. Nf3
{[%clk 1:27:46]} O-O {[%clk 1:06:05]} 8. Bf4 {[%clk 1:26:26]} Nd5
{[%clk 1:04:44]} 9. Bg3 {[%clk 1:25:31]} Re8 {[%clk 0:51:28]} 10. Nbd2
{[%clk 1:23:34]} Bf6 {[%clk 0:46:29]} 11. O-O-O {[%clk 1:21:42]} Bg5
{[%clk 0:39:59]} 12. h4 {[%clk 1:20:26]} Bh6 {[%clk 0:37:59]} 13. Qe4
{[%clk 1:19:38]} Nf6 {[%clk 0:35:28]} 14. Qc2 {[%clk 1:19:40]} a5
{[%clk 0:31:07]} 15. Bd3 {[%clk 1:18:57]} Bxd2+ {[%clk 0:29:50]} 16. Qxd2
{[%clk 1:17:11]} b6 {[%clk 0:27:28]} 17. h5 {[%clk 1:15:53]} h6 {[%clk 0:26:32]}
18. Bh4 {[%clk 1:14:10]} Ba6 {[%clk 0:20:12]} 19. g4 {[%clk 1:12:25]} Qd5
{[%clk 0:14:53]} 20. Qf4 {[%clk 1:06:57]} Bxd3 {[%clk 0:13:17]} 21. Rxd3
{[%clk 1:05:52]} e5 {[%clk 0:06:28]} 22. dxe5 {[%clk 1:04:50]} Qxd3
{[%clk 0:06:42]} 23. exf6 {[%clk 1:05:06]} Qd6 {[%clk 0:07:00]} 24. Qf5
{[%clk 1:03:09]} Qe6 {[%clk 0:07:16]} 25. Qf4 {[%clk 0:59:57]} Qe4
{[%clk 0:05:33]} 26. Qg3 {[%clk 0:58:58]} Ne5 {[%clk 0:04:49]} 27. Rh3
{[%clk 0:55:53]} Nd3+ {[%clk 0:04:19]} 28. Kc2 {[%clk 0:56:01]} Ne1+
{[%clk 0:02:45]} 29. Kb3 {[%clk 0:56:01]} Qd5+ {[%clk 0:02:47]} 0-1

[Event "WCO 2016"]
[Site "?"]
[Date "2016.09.13"]
[Round "11"]
[Board "8"]
[WhiteID "2501171"]
[White "Ui Laighleis Gearoidin"]
[BlackID "14700255"]
[Black "Odinaeva Saodat"]
[Result "1/2-1/2"]
[BlackElo "1881"]
[WhiteElo "1795"]
[LiveChessVersion "1.4.8"]

1. d4 {[%clk 1:30:55]} Nf6 {[%clk 1:30:45]} 2. Nf3 {[%clk 1:31:14]} d5
{[%clk 1:30:00]} 3. e3 {[%clk 1:31:26]} g6 {[%clk 1:30:03]} 4. b3
{[%clk 1:27:23]} Bg7 {[%clk 1:30:27]} 5. Bb2 {[%clk 1:27:36]} O-O
{[%clk 1:30:50]} 6. Be2 {[%clk 1:26:31]} Nbd7 {[%clk 1:31:00]} 7. O-O
{[%clk 1:26:46]} b6 {[%clk 1:31:10]} 8. Nbd2 {[%clk 1:25:42]} Bb7
{[%clk 1:31:34]} 9. Ne5 {[%clk 1:23:44]} c5 {[%clk 1:31:12]} 10. f4
{[%clk 1:23:00]} Rc8 {[%clk 1:31:02]} 11. Ndf3 {[%clk 1:19:27]} Ne4
{[%clk 1:27:54]} 12. Nxd7 {[%clk 1:14:27]} Qxd7 {[%clk 1:27:12]} 13. Ne5
{[%clk 1:12:27]} Qc7 {[%clk 1:26:45]} 14. c4 {[%clk 1:07:01]} e6 {[%clk 1:22:50]}
15. Rc1 {[%clk 1:03:22]} Rfd8 {[%clk 1:21:41]} 16. Qc2 {[%clk 0:59:39]} f6
{[%clk 1:18:20]} 17. Ng4 {[%clk 0:57:37]} Qc6 {[%clk 1:12:39]} 18. cxd5
{[%clk 0:49:04]} exd5 {[%clk 1:11:39]} 19. dxc5 {[%clk 0:47:05]} bxc5
{[%clk 1:10:09]} 20. Bf3 {[%clk 0:45:24]} Re8 {[%clk 1:07:48]} 21. Rfe1
{[%clk 0:41:22]} Re7 {[%clk 0:58:50]} 22. Rcd1 {[%clk 0:33:47]} Rce8
{[%clk 0:52:26]} 23. Nf2 {[%clk 0:31:34]} Qb6 {[%clk 0:48:14]} 24. Ng4
{[%clk 0:21:41]} Re6 {[%clk 0:45:31]} 25. Nf2 {[%clk 0:20:37]} Kh8
{[%clk 0:42:18]} 26. Nxe4 {[%clk 0:19:45]} dxe4 {[%clk 0:42:31]} 27. Be2
{[%clk 0:19:52]} Rd6 {[%clk 0:39:35]} 28. Rxd6 {[%clk 0:19:12]} Qxd6
{[%clk 0:40:02]} 29. Rd1 {[%clk 0:19:19]} Qb6 {[%clk 0:39:02]} 30. Bc4
{[%clk 0:18:28]} Ba6 {[%clk 0:37:02]} 31. Rd5 {[%clk 0:15:01]} Bxc4
{[%clk 0:36:08]} 32. Qxc4 {[%clk 0:15:06]} Qa5 {[%clk 0:36:02]} 33. Qc1
{[%clk 0:10:59]} Qxa2 {[%clk 0:33:38]} 34. Rxc5 {[%clk 0:10:14]} Qxb3
{[%clk 0:33:55]} 35. Rc6 {[%clk 0:07:39]} a5 {[%clk 0:28:57]} 36. Rc3
{[%clk 0:05:53]} Qb4 {[%clk 0:26:06]} 37. Rc4 {[%clk 0:04:33]} Qb3
{[%clk 0:24:13]} 38. Rc3 {[%clk 0:03:31]} Qb6 {[%clk 0:24:02]} 39. Rc6
{[%clk 0:03:09]} Qb3 {[%clk 0:24:30]} 40. Rc8 {[%clk 0:31:53]} Qe6
{[%clk 0:54:49]} 41. Rc6 {[%clk 0:30:20]} Qb3 {[%clk 0:55:10]} 42. Rc8
{[%clk 0:21:50]} Qe6 {[%clk 0:51:15]} 43. Rc6 {[%clk 0:17:40]} Qb3
{[%clk 0:48:34]} 44. Bd4 {[%clk 0:14:56]} a4 {[%clk 0:48:00]} 45. Rc8
{[%clk 0:12:46]} Qb5 {[%clk 0:43:27]} 46. Rc5 {[%clk 0:11:33]} Qb7
{[%clk 0:41:09]} 47. Rc7 {[%clk 0:08:05]} Qb3 {[%clk 0:40:30]} 48. Rc8
{[%clk 0:07:18]} Qe6 {[%clk 0:39:06]} 49. Rc6 {[%clk 0:07:23]} Qb3
{[%clk 0:39:29]} 50. Ra6 {[%clk 0:07:13]} Rb8 {[%clk 0:32:05]} 51. Rc6
{[%clk 0:06:43]} a3 {[%clk 0:25:14]} 52. Rc3 {[%clk 0:04:11]} Qe6
{[%clk 0:20:37]} 53. Rxa3 {[%clk 0:04:22]} Rc8 {[%clk 0:13:36]} 54. Rc3
{[%clk 0:04:36]} Rf8 {[%clk 0:13:15]} 55. Rc6 {[%clk 0:04:43]} Qf5
{[%clk 0:12:38]} 56. h3 {[%clk 0:04:33]} h5 {[%clk 0:12:54]} 57. Rc5
{[%clk 0:04:22]} Qe6 {[%clk 0:13:10]} 58. Rc6 {[%clk 0:04:11]} Qf5
{[%clk 0:13:20]} 59. Qc3 {[%clk 0:04:02]} Kh7 {[%clk 0:13:04]} 60. Rc7
{[%clk 0:03:59]} Qe6 {[%clk 0:12:53]} 61. Qc5 {[%clk 0:03:18]} Rf7
{[%clk 0:12:24]} 62. Rc6 {[%clk 0:03:32]} Qd7 {[%clk 0:12:01]} 63. Rd6
{[%clk 0:03:19]} Qb7 {[%clk 0:10:37]} 64. Rb6 {[%clk 0:03:22]} Qd7
{[%clk 0:10:35]} 65. Rd6 {[%clk 0:03:19]} Qb7 {[%clk 0:10:52]} 66. Rc6
{[%clk 0:02:45]} f5 {[%clk 0:09:59]} 67. Bxg7 {[%clk 0:02:27]} Rxg7
{[%clk 0:10:27]} 68. Re6 {[%clk 0:02:23]} Qb1+ {[%clk 0:10:37]} 69. Kh2
{[%clk 0:02:44]} Qe1 {[%clk 0:10:55]} 70. Re7 {[%clk 0:02:26]} Qa1
{[%clk 0:09:11]} 71. Rxg7+ {[%clk 0:01:55]} Qxg7 {[%clk 0:09:36]} 72. Kg3
{[%clk 0:02:00]} Kh6 {[%clk 0:09:30]} 73. h4 {[%clk 0:02:09]} Kh7
{[%clk 0:09:42]} 74. Qe5 {[%clk 0:02:03]} Kg8 {[%clk 0:09:17]} 75. Qe8+
{[%clk 0:02:10]} Kh7 {[%clk 0:09:45]} 76. Qe5 {[%clk 0:02:31]} Qf7
{[%clk 0:09:31]} 77. Qd4 {[%clk 0:02:53]} Kg8 {[%clk 0:09:42]} 78. Qd8+
{[%clk 0:03:00]} Kh7 {[%clk 0:10:00]} 79. Qd4 {[%clk 0:03:02]} Kg8
{[%clk 0:10:29]} 80. Qb6 {[%clk 0:02:40]} Kg7 {[%clk 0:10:48]} 81. Qb2+
{[%clk 0:02:32]} Qf6 {[%clk 0:11:17]} 82. Qb7+ {[%clk 0:02:23]} Qf7
{[%clk 0:11:43]} 83. Qb2+ {[%clk 0:02:11]} Qf6 {[%clk 0:12:09]} 84. Qe5
{[%clk 0:02:33]} Kf7 {[%clk 0:12:30]} 85. Qc7+ {[%clk 0:02:04]} Qe7
{[%clk 0:12:59]} 86. Qe5 {[%clk 0:01:56]} Qb4 {[%clk 0:12:31]} 87. Qd5+
{[%clk 0:02:01]} Kf6 {[%clk 0:12:51]} 88. Qe5+ {[%clk 0:02:01]} Kf7
{[%clk 0:13:19]} 89. Qd5+ {[%clk 0:02:07]} Kf6 {[%clk 0:12:08]} 90. Qd8+
{[%clk 0:02:16]} Kf7 {[%clk 0:12:18]} 91. Qc7+ {[%clk 0:02:05]} Kf6
{[%clk 0:12:37]} 92. Qd8+ {[%clk 0:02:00]} Kf7 {[%clk 0:13:05]} 93. Qd5+
{[%clk 0:01:38]} Kf6 {[%clk 0:13:24]} 94. Qd8+ {[%clk 0:00:47]} Kf7
{[%clk 0:13:52]} 95. Qd5+ {[%clk 0:01:09]} Kf6 {[%clk 0:14:14]} 96. Kf2
{[%clk 0:00:58]} Qb2+ {[%clk 0:14:22]} 97. Kg3 {[%clk 0:01:13]} Qe2
{[%clk 0:14:40]} 98. Qe5+ {[%clk 0:01:28]} Kf7 {[%clk 0:15:09]} 99. Qd5+
{[%clk 0:01:36]} Kf6 {[%clk 0:15:37]} 100. Qd8+ {[%clk 0:01:49]} Kf7
{[%clk 0:16:06]} 101. Qd5+ {[%clk 0:01:37]} Kf6 {[%clk 0:16:21]} 102. Qd4+
{[%clk 0:00:45]} Kf7 {[%clk 0:16:46]} 103. Qa7+ {[%clk 0:00:54]} Kf6
{[%clk 0:17:14]} 104. Qb6+ {[%clk 0:01:08]} Kf7 {[%clk 0:17:39]} 105. Qc7+
{[%clk 0:01:16]} Kf6 {[%clk 0:18:05]} 106. Qd6+ {[%clk 0:01:09]} Kf7
{[%clk 0:18:27]} 1/2-1/2

[Event "WCO 2016"]
[Site "?"]
[Date "2016.09.13"]
[Round "11"]
[Board "5"]
[WhiteID "34101737"]
[White "Nazarova Anastasia"]
[BlackID "16300840"]
[Black "Cho Hung-Ling"]
[Result "1-0"]
[BlackElo "1515"]
[WhiteElo "1897"]
[LiveChessVersion "1.4.8"]

1. e4 {[%clk 1:30:57]} e5 {[%clk 1:30:56]} 2. Nf3 {[%clk 1:31:23]} Nc6
{[%clk 1:31:22]} 3. Bb5 {[%clk 1:31:48]} Nd4 {[%clk 1:31:45]} 4. Nxd4
{[%clk 1:32:06]} exd4 {[%clk 1:32:12]} 5. O-O {[%clk 1:32:28]} c6
{[%clk 1:32:18]} 6. Bc4 {[%clk 1:32:48]} Nf6 {[%clk 1:31:06]} 7. Re1
{[%clk 1:32:44]} d6 {[%clk 1:28:34]} 8. c3 {[%clk 1:32:06]} dxc3 {[%clk 1:27:56]}
9. Nxc3 {[%clk 1:32:25]} Be7 {[%clk 1:28:14]} 10. d4 {[%clk 1:32:43]} O-O
{[%clk 1:28:15]} 11. Bb3 {[%clk 1:31:36]} Re8 {[%clk 1:21:38]} 12. Bf4
{[%clk 1:28:45]} Be6 {[%clk 1:14:47]} 13. Bxe6 {[%clk 1:20:34]} fxe6
{[%clk 1:15:13]} 14. e5 {[%clk 1:20:33]} Nd5 {[%clk 1:14:18]} 15. Bd2
{[%clk 1:19:53]} dxe5 {[%clk 1:13:37]} 16. dxe5 {[%clk 1:18:55]} Bc5
{[%clk 1:13:19]} 17. Ne4 {[%clk 1:16:51]} Bd4 {[%clk 1:11:36]} 18. Qh5
{[%clk 1:07:02]} Qc7 {[%clk 1:05:19]} 19. Ng5 {[%clk 0:56:51]} g6
{[%clk 1:03:45]} 20. Qh3 {[%clk 0:55:13]} Qb6 {[%clk 0:54:35]} 21. Qxh7+
{[%clk 0:55:30]} 1-0